[Event "Rheinhessen-ch MT"]
[Site "Pfeddersheim"]
[Date "2011.04.23"]
[Round "4"]
[White "Fingerhut, Armin"]
[Black "Krannich, Annette"]
[Result "1-0"]
[WhiteElo "1888"]
[BlackElo "1987"]
[PlyCount "71"]
[EventDate "2011.04.21"]
[EventType "swiss"]
[EventRounds "5"]
[EventCountry "GER"]
[SourceTitle "EXT 2012"]
[Source "ChessBase"]
[SourceDate "2011.11.24"]
[SourceVersion "1"]
[SourceVersionDate "2011.11.24"]
[SourceQuality "1"]

1. e4 e6 2. d4 d5 3. Nc3 Bb4 4. e5 c5 5. a3 Bxc3+ 6. bxc3 Qc7 7. Qg4 f5 8. Qg3 Ne7 9. Qxg7 Rg8 10. Qxh7 cxd4 11. Kd1 Qxe5 12. Nf3 Qf6 13. Qh5+ Qg6 14. Qxg6+ Rxg6 15. cxd4 Bd7 16. Rb1 Bc6 17. h4 Nd7 18. h5 Rg8 19. Ng5 Nf8 20. Bf4 Kd7 21. Rb3 Rc8 22. Rg3 Ba4 23. Bd3 Nc6 24. Be5 Nxe5 25. dxe5 Ke7 26. Rh4 Be8 27. h6 Rh8 28. h7 Ng6 29. Rh6 Bf7 30. Nxf7 Kxf7 31. Rgxg6 Rc6 32. Bb5 Rcc8 33. Bd7 Rcd8 34. Bxe6+ Ke7 35. Rg7+ Kf8 36. Rhg6 1-0

[Event "Rheinhessen-ch MT"]
[Site "Pfeddersheim"]
[Date "2011.04.23"]
[Round "5"]
[White "Minz, Michail"]
[Black "Fingerhut, Armin"]
[Result "1-0"]
[WhiteElo "1949"]
[BlackElo "1888"]
[PlyCount "73"]
[EventDate "2011.04.21"]
[EventType "swiss"]
[EventRounds "5"]
[EventCountry "GER"]
[SourceTitle "EXT 2012"]
[Source "ChessBase"]
[SourceDate "2011.11.24"]
[SourceVersion "1"]
[SourceVersionDate "2011.11.24"]
[SourceQuality "1"]

1. e4 d5 2. Nc3 dxe4 3. Nxe4 Qd5 4. Ng3 Nc6 5. Be2 Nd4 6. Bf3 Nxf3+ 7. Qxf3 Nf6 8. d3 Bd7 9. Qxd5 Nxd5 10. Bd2 e6 11. Nf3 Bb4 12. Ne5 Bxd2+ 13. Kxd2 Rd8 14. Ne4 b6 15. Nxd7 Rxd7 16. g3 Ke7 17. a3 Rhd8 18. Rae1 c5 19. b3 Nf6 20. Nxf6 Kxf6 21. Re3 h5 22. h4 Rd4 23. Rhe1 a6 24. c3 R4d5 25. b4 g6 26. Rf3+ Ke7 27. Rb1 c4 28. d4 e5 29. Re1 f5 30. Rfe3 Kf6 31. Rxe5 Rxe5 32. Rxe5 Rd6 33. a4 g5 34. hxg5+ Kxg5 35. Ke3 Kg4 36. Re8 Kg5 37. f3 1-0

[Event "Rheinhessen-ch MT"]
[Site "Pfeddersheim"]
[Date "2011.04.21"]
[Round "1"]
[White "Resa, Tobias"]
[Black "Fingerhut, Armin"]
[Result "1-0"]
[WhiteElo "2029"]
[BlackElo "1888"]
[PlyCount "69"]
[EventDate "2011.04.21"]
[EventType "swiss"]
[EventRounds "5"]
[EventCountry "GER"]
[SourceTitle "EXT 2012"]
[Source "ChessBase"]
[SourceDate "2011.11.24"]
[SourceVersion "1"]
[SourceVersionDate "2011.11.24"]
[SourceQuality "1"]

1. d4 c5 2. e4 cxd4 3. Nf3 e5 4. c3 Nc6 5. Bc4 Be7 6. 0-0 Nf6 7. cxd4 exd4 8. e5 Ng4 9. Re1 f6 10. exf6 Nxf6 11. Nxd4 d5 12. Bb5 Bd7 13. Bxc6 bxc6 14. Qe2 c5 15. Nf3 Ne4 16. Nc3 Bf5 17. Nxe4 Bxe4 18. Nd2 Bg6 19. Nb3 Kf8 20. Bd2 Qd7 21. Rac1 Rc8 22. Bb4 Kf7 23. Bxc5 Bf6 24. Qd2 Rhd8 25. Bd4 Rxc1 26. Rxc1 Qa4 27. Rc7+ Rd7 28. Nc5 Rxc7 29. Nxa4 Bxd4 30. Nc3 Bf6 31. Qxd5+ Ke7 32. h4 Rd7 33. Qc5+ Ke6 34. h5 Bf5 35. Qc4+ 1-0

[Event "Stuttgart-chA int"]
[Site "Ditzingen"]
[Date "2009.05.24"]
[Round "7"]
[White "Fingerhut, Armin"]
[Black "Koenig, Dirk"]
[Result "0-1"]
[WhiteElo "1961"]
[BlackElo "2108"]
[PlyCount "120"]
[EventDate "2009.05.21"]
[EventType "swiss"]
[EventRounds "7"]
[EventCountry "GER"]
[SourceTitle "EXT 2018"]
[Source "ChessBase"]
[SourceDate "2017.10.13"]
[SourceVersion "1"]
[SourceVersionDate "2017.10.13"]
[SourceQuality "1"]

1. e4 d6 2. d4 g6 3. Nc3 Nf6 4. f4 Bg7 5. Nf3 0-0 6. Be3 Nbd7 7. Qd2 c5 8. 0-0-0 Ng4 9. Bg1 cxd4 10. Nxd4 e5 11. Nde2 Qa5 12. h3 Ngf6 13. Qxd6 exf4 14. Qxf4 b5 15. e5 Nh5 16. Qe4 Rb8 17. e6 Nhf6 18. Qe3 Nb6 19. exf7+ Rxf7 20. Nd4 Nbd5 21. Nxd5 Nxd5 22. Qb3 Bb7 23. Bh2 Rd8 24. Bxb5 Bh6+ 25. Kb1 Ne3 26. Bc4 Nxc4 27. Qxc4 Bxg2 28. Nc6 Rxd1+ 29. Rxd1 Bxc6 30. Qxc6 Qh5 31. Qc8+ Bf8 32. Qg4 Qb5 33. a4 Qa6 34. Be5 Rf1 35. Rxf1 Qxf1+ 36. Ka2 Qf7+ 37. b3 h5 38. Qc4 Qxc4 39. bxc4 Kf7 40. Bd4 a6 41. c5 Ke6 42. c6 Bd6 43. Bb6 g5 44. Kb3 g4 45. hxg4 hxg4 46. c7 Kd7 47. c8Q+ Kxc8 48. Bg1 Kd7 49. Kc4 Kc6 50. Kd3 g3 51. Kc4 Bc7 52. Be3 Bb6 53. Bf4 g2 54. Bh2 g1Q 55. Bxg1 Bxg1 56. Kb4 Bb6 57. Kc4 a5 58. Kb3 Kc5 59. Kc3 Bd8 60. Kb3 Bf6 0-1

[Event "Stuttgart-chA int"]
[Site "Ditzingen"]
[Date "2009.05.21"]
[Round "2"]
[White "Fingerhut, Armin"]
[Black "Braeunlin, Klaus"]
[Result "0-1"]
[WhiteElo "1961"]
[BlackElo "2109"]
[PlyCount "86"]
[EventDate "2009.05.21"]
[EventType "swiss"]
[EventRounds "7"]
[EventCountry "GER"]
[SourceTitle "EXT 2018"]
[Source "ChessBase"]
[SourceDate "2017.10.13"]
[SourceVersion "1"]
[SourceVersionDate "2017.10.13"]
[SourceQuality "1"]

1. e4 c6 2. d4 d5 3. exd5 cxd5 4. c4 Nf6 5. Nc3 e6 6. Bf4 Be7 7. c5 0-0 8. b4 Ne4 9. Nxe4 dxe4 10. Bxb8 Rxb8 11. Bc4 Kh8 12. Ne2 b5 13. Bb3 a5 14. a3 a4 15. Bc2 Bb7 16. 0-0 Bg5 17. Nc3 f5 18. Nxb5 Ba6 19. Bxa4 Rxb5 20. Rb1 Bf6 21. Qb3 Rb8 22. b5 Qxd4 23. c6 Rb6 24. Rfd1 Qe5 25. Qc4 Bc8 26. Rdc1 e3 27. f4 Qd4 28. Qxd4 Bxd4 29. Rc4 e5 30. fxe5 Bxe5 31. Rc5 Bd6 32. Rc3 f4 33. Bc2 g6 34. a4 Re8 35. a5 Rb8 36. c7 Ra8 37. a6 e2 38. Kf2 Bb4 39. Rc4 e1Q+ 40. Rxe1 Bxe1+ 41. Kf3 Ba5 42. Rc6 Ra7 43. Be4 Bxc7 0-1

[Event "Stuttgart-chA int"]
[Site "Ditzingen"]
[Date "2009.05.21"]
[Round "1"]
[White "Krockenberger, Martin"]
[Black "Fingerhut, Armin"]
[Result "1-0"]
[WhiteElo "2216"]
[BlackElo "1961"]
[PlyCount "87"]
[EventDate "2009.05.21"]
[EventType "swiss"]
[EventRounds "7"]
[EventCountry "GER"]
[SourceTitle "EXT 2018"]
[Source "ChessBase"]
[SourceDate "2017.10.13"]
[SourceVersion "1"]
[SourceVersionDate "2017.10.13"]
[SourceQuality "1"]

1. Nf3 c5 2. c4 Nf6 3. Nc3 e6 4. g3 d5 5. cxd5 exd5 6. d4 Nc6 7. Bg2 h6 8. 0-0 Be6 9. Be3 Ng4 10. Bf4 Qd7 11. Nb5 Rc8 12. dxc5 Bxc5 13. Rc1 Nb4 14. Nd6+ Bxd6 15. Rxc8+ Qxc8 16. Bxd6 Nc6 17. Nd4 Kd7 18. Ba3 Rd8 19. e4 Nf6 20. exd5 Nxd5 21. Nb5 Nce7 22. Qd2 Qc4 23. Nd6 Qa6 24. Rc1 Rb8 25. Ne4 Ke8 26. Nc5 Qb6 27. Re1 Rd8 28. Nxe6 fxe6 29. Bh3 Nf6 30. Qe2 Rd4 31. Qc2 Qc6 32. Qxc6+ Nxc6 33. Bxe6 Kd8 34. Bf8 Ne8 35. h4 Rd2 36. Bf7 Nd6 37. Bh5 Nf5 38. Rd1 Rxd1+ 39. Bxd1 Ke8 40. Ba3 Ncd4 41. b3 Kf7 42. Bb2 g5 43. hxg5 hxg5 44. g4 1-0

[Event "Stuttgart-chA int"]
[Site "Ditzingen"]
[Date "2008.05.03"]
[Round "5"]
[White "Trefzer, Erhard"]
[Black "Fingerhut, Armin"]
[Result "1/2-1/2"]
[WhiteElo "2076"]
[BlackElo "1919"]
[PlyCount "37"]
[EventDate "2008.05.01"]
[EventType "swiss"]
[EventRounds "7"]
[EventCountry "GER"]
[SourceTitle "EXT 2018"]
[Source "ChessBase"]
[SourceDate "2017.10.13"]
[SourceVersion "1"]
[SourceVersionDate "2017.10.13"]
[SourceQuality "1"]

1. b3 e6 2. Bb2 Nf6 3. Nf3 d5 4. e3 Be7 5. c4 0-0 6. d4 b6 7. Bd3 Bb7 8. Nbd2 Nbd7 9. 0-0 c5 10. Ne5 Nxe5 11. dxe5 Nd7 12. Qg4 Qc7 13. Qg3 f5 14. f4 Rf7 15. Rad1 Nf8 16. cxd5 exd5 17. Qh3 g6 18. g4 fxg4 19. Qxg4 1/2-1/2

[Event "Stuttgart-chB int"]
[Site "Ditzingen"]
[Date "2005.05.05"]
[Round "1"]
[White "Fingerhut, Armin"]
[Black "Ajeti, Nedzat"]
[Result "1/2-1/2"]
[WhiteElo "1888"]
[BlackElo "1511"]
[PlyCount "95"]
[EventDate "2005.05.05"]
[EventType "swiss"]
[EventRounds "7"]
[EventCountry "GER"]
[SourceTitle "EXT 2018"]
[Source "ChessBase"]
[SourceDate "2017.10.13"]
[SourceVersion "1"]
[SourceVersionDate "2017.10.13"]
[SourceQuality "1"]

1. e4 g6 2. d4 Bg7 3. c4 d6 4. Nc3 c6 5. f4 e6 6. Nf3 Nd7 7. Be3 a6 8. Bd3 Ne7 9. 0-0 f5 10. Ng5 Nf8 11. a4 Qb6 12. a5 Qa7 13. Be2 fxe4 14. Ncxe4 Nf5 15. Bf2 h6 16. Nf3 Qb8 17. Qd2 Nd7 18. g4 Ne7 19. Qb4 0-0 20. Nxd6 c5 21. dxc5 Rxf4 22. Bg3 Rxg4 23. Kh1 Qc7 24. Nd2 Rxg3 25. hxg3 Nxc5 26. N2e4 Nxe4 27. Nxe4 Nf5 28. Rg1 Bd7 29. Bf3 Bc6 30. Qb3 Rf8 31. Bg2 Be5 32. Ra3 Bd4 33. Re1 Qe5 34. Qd3 Bxb2 35. Ra2 Bd4 36. g4 Bxe4 37. Bxe4 Ng3+ 38. Kg2 Bc3 39. Re3 Nf1 40. Rh3 Bd4 41. Re2 Qf4 42. Bf3 Ne3+ 43. Kh1 Kg7 44. Qe4 Qxe4 45. Bxe4 Rf1+ 46. Kh2 Be5+ 47. Rg3 Nxc4 48. Kg2 1/2-1/2